[Event "Rottach Egern Seniors Cup 12th"]
[Site "Rottach Egern"]
[Date "2024.04.07"]
[Round "2"]
[White "Klaeke, Gregor"]
[Black "Mitschka, Manfred"]
[Result "0-1"]
[WhiteElo "1730"]
[BlackElo "1857"]
[PlyCount "120"]
[EventDate "2024.04.06"]
[EventType "swiss"]
[EventRounds "9"]
[EventCountry "GER"]
[SourceTitle "CB16_2024"]
[SourceDate "2024.04.17"]
[SourceVersion "1"]
[SourceVersionDate "2024.04.17"]
[SourceQuality "1"]

1. g4 d5 2. h3 e5 3. d3 Bc5 4. Nf3 Qf6 5. Nc3 Ne7 6. Bg5 Qb6 7. e3 f6 8. Bh4 Bd7 9. Rb1 Bb4 10. a3 Bxc3+ 11. bxc3 Qc6 12. Qd2 d4 13. Bg2 dxc3 14. Qd1 Be6 15. 0-0 Bd5 16. Nxe5 fxe5 17. e4 Ba2 18. Ra1 Ng6 19. Bg3 Bf7 20. d4 Nd7 21. dxe5 Rd8 22. Qd4 Nb6 23. Qe3 0-0 24. f4 Rd2 25. Rf2 Rfd8 26. f5 Nxe5 27. Bxe5 Nc4 28. Qxc3 Rxf2 29. Kxf2 Qc5+ 30. Kg3 Qxe5+ 31. Qxe5 Nxe5 32. Kf4 Nc4 33. Bf1 Rd2 34. Bd3 b6 35. e5 Bd5 36. e6 Kf8 37. a4 h6 38. h4 Nb2 39. Ke3 Rh2 40. Kd4 Bc6 41. Bb5 Rxc2 42. g5 a5 43. f6 gxf6 44. gxf6 Bxb5 45. axb5 Rf2 46. f7 Ke7 47. Re1 Na4 48. Rc1 Kxe6 49. Rc6+ Kxf7 50. Rxh6 Nc5 51. Ke3 Kg7 52. Rc6 Rf7 53. h5 a4 54. Kd2 Re7 55. Kc3 Ne6 56. Kb4 Kf6 57. Kxa4 Rh7 58. Kb4 Rxh5 59. Rc1 Rh4+ 60. Ka3 Nd4 0-1

[Event "Hamburg HSK Easter op"]
[Site "Hamburg"]
[Date "2024.03.29"]
[Round "2"]
[White "Krueger, Dietrich"]
[Black "Klaeke, Gregor"]
[Result "0-1"]
[WhiteElo "1500"]
[BlackElo "1730"]
[PlyCount "40"]
[EventDate "2024.03.29"]
[EventType "swiss"]
[EventRounds "7"]
[EventCountry "GER"]
[SourceTitle "CB18_2024"]
[SourceDate "2024.05.01"]
[SourceVersion "1"]
[SourceVersionDate "2024.05.01"]
[SourceQuality "2"]

1. d4 e6 2. Bf4 Nf6 3. e3 d5 4. Nd2 c5 5. Ngf3 Nc6 6. Nb3 c4 7. Nbd2 b5 8. b3 Bb4 9. Be5 Nxe5 10. Nxe5 Ne4 11. Qf3 Bxd2+ 12. Ke2 0-0 13. bxc4 bxc4 14. Nxc4 Ba6 15. Kd1 Bc3 16. Rb1 Ng5 17. Qg3 Bxc4 18. h4 Ne4 19. Qf3 Bxf1 20. Rxf1 Nd2 0-1

[Event "Prague Summer op-B 8th"]
[Site "Prague"]
[Date "2021.08.06"]
[Round "1"]
[White "Klaeke, Gregor"]
[Black "Westendorp, Christian"]
[Result "0-1"]
[WhiteElo "1507"]
[BlackElo "1859"]
[PlyCount "64"]
[EventDate "2021.08.06"]
[EventType "swiss"]
[EventRounds "9"]
[EventCountry "CZE"]
[SourceTitle "EXT 2022"]
[Source "ChessBase"]
[SourceDate "2021.10.06"]
[SourceVersion "1"]
[SourceVersionDate "2021.10.06"]
[SourceQuality "1"]

1. e4 c5 2. Nf3 a6 3. d4 cxd4 4. Qxd4 Nc6 5. Qc3 e6 6. a3 Nf6 7. Bd3 d5 8. Bg5 Be7 9. Bxf6 Bxf6 10. e5 d4 11. Qd2 Nxe5 12. Nxe5 Bxe5 13. 0-0 0-0 14. f4 Bc7 15. Qe2 f5 16. Nd2 b5 17. Nb3 Qd5 18. Rad1 Rf6 19. Qf3 Qxf3 20. Rxf3 Bb7 21. Rf2 Rd8 22. Nc5 Bc8 23. g3 Rd5 24. b4 e5 25. fxe5 Rxe5 26. Kf1 f4 27. Ne4 Bh3+ 28. Kg1 Rf8 29. gxf4 Re6 30. Rf3 Bg4 31. Rg3 Rxf4 32. Rg2 Bf5 0-1

[Event "Hamburg-chA"]
[Site "Hamburg"]
[Date "2019.06.14"]
[Round "5"]
[White "Schmeichel, Wolfgang"]
[Black "Klaeke, Gregor"]
[Result "1-0"]
[WhiteElo "1638"]
[BlackElo "1448"]
[PlyCount "69"]
[EventDate "2019.06.08"]
[EventType "swiss"]
[EventRounds "7"]
[EventCountry "GER"]
[SourceTitle "EXT 2022"]
[Source "ChessBase"]
[SourceDate "2021.10.06"]
[SourceVersion "1"]
[SourceVersionDate "2021.10.06"]
[SourceQuality "1"]

1. e4 e5 2. Nf3 Nf6 3. Nxe5 Qe7 4. Nf3 Nxe4 5. Be2 b6 6. 0-0 Qf6 7. Re1 Be7 8. d3 Nd6 9. Bf1 h6 10. Bd2 Nc6 11. Bc3 Qg6 12. Ne5 Nxe5 13. Rxe5 f6 14. Re1 Bb7 15. Nd2 Kf7 16. Nf3 Nf5 17. Be2 c5 18. Nh4 Qg5 19. Nf3 Qg4 20. Ne5+ fxe5 21. Bxg4 Nh4 22. g3 Ng6 23. Bxd7 h5 24. Bxe5 Nxe5 25. Rxe5 Bf6 26. Be6+ Kf8 27. Rxh5 g6 28. Rxh8+ Bxh8 29. c3 Kg7 30. Bc4 Kh7 31. Qe2 Bc6 32. Re1 Bg7 33. Qe7 Be8 34. Qb7 Rd8 35. Re7 1-0

[Event "Hamburg-chA"]
[Site "Hamburg"]
[Date "2019.06.08"]
[Round "1"]
[White "Raedisch, Peter"]
[Black "Klaeke, Gregor"]
[Result "1-0"]
[WhiteElo "1660"]
[BlackElo "1448"]
[PlyCount "83"]
[EventDate "2019.06.08"]
[EventType "swiss"]
[EventRounds "7"]
[EventCountry "GER"]
[SourceTitle "EXT 2022"]
[Source "ChessBase"]
[SourceDate "2021.10.06"]
[SourceVersion "1"]
[SourceVersionDate "2021.10.06"]
[SourceQuality "1"]

1. e4 e5 2. Nf3 d6 3. Bc4 Be7 4. c3 a6 5. a3 Bg4 6. Qb3 Nh6 7. Qxb7 Nd7 8. Qc6 0-0 9. Be2 Nc5 10. b4 Nb3 11. Bb2 Nxa1 12. Bxa1 Bd7 13. Qd5 c6 14. Qd3 f5 15. Qc4+ Kh8 16. 0-0 Qc8 17. Qd3 fxe4 18. Qxe4 Bf5 19. Qc4 Be6 20. Qd3 Ng4 21. Qc2 d5 22. h3 Bf5 23. Qd1 Nf6 24. Nxe5 Bd6 25. d4 Bxe5 26. dxe5 Nd7 27. f4 Qd8 28. Nd2 Qh4 29. Qe1 Qh6 30. Qg3 Nxe5 31. fxe5 Qxd2 32. Bf3 Rae8 33. Kh2 Re6 34. Rd1 Qh6 35. Bb2 Qe3 36. Re1 Qd2 37. Re2 Qh6 38. Kh1 Rg6 39. Qh2 Bd3 40. Re1 Qd2 41. Rd1 Qc2 42. e6 1-0